000 00722nam a2200253 a 4500
008
020 _a1861971974 (hbk)
049 _aMAIN
090 _aHD58.9
100 1 _aVause, Bob.
245 1 0 _aGuide to analysing companies /
_cBob Vause.
250 _a2nd ed.
260 _aLondon :
_bThe Economist in association with Profile Books,
_cc1999.
300 _avii, 278 p. ;
_c22 cm.
490 4 _aThe Economist books.
504 _aIncludes index.
650 0 _aBusiness enterprises.
650 0 _aBusiness enterprises
_xFinance.
907 _a.b10024220
_b25-01-07
_c17-04-03
003
005 20230123133636.0
040 _cNUST
942 _cBOOKS
_kHD58.9
999 _c152132
_d152132